[Event "NZL-ch Major op"]
[Site "Auckland"]
[Date "2011.01.02"]
[Round "1"]
[White "Evans, David J"]
[Black "Rong, David"]
[Result "1-0"]
[WhiteElo "1984"]
[BlackElo "1604"]
[PlyCount "53"]
[EventDate "2011.01.02"]
[EventType "swiss"]
[EventRounds "11"]
[EventCountry "NZL"]
[SourceTitle "EXT 2018"]
[Source "ChessBase"]
[SourceDate "2017.10.13"]
[SourceVersion "1"]
[SourceVersionDate "2017.10.13"]
[SourceQuality "1"]

1. e4 e6 2. d3 d5 3. Nd2 c5 4. Ngf3 Nc6 5. g3 Nf6 6. Bg2 Be7 7. 0-0 0-0 8. e5 Nd7 9. Re1 Qc7 10. Qe2 f6 11. exf6 Nxf6 12. Nf1 Re8 13. h4 Bd6 14. Bg5 Qf7 15. c3 e5 16. Bxf6 Qxf6 17. Ng5 Be6 18. Ne3 d4 19. Nd5 Bxd5 20. Bxd5+ Kh8 21. Nf7+ Kg8 22. Nxd6+ Kh8 23. Nf7+ Kg8 24. Nxe5+ Kh8 25. Nf7+ Kg8 26. Qxe8+ Rxe8 27. Rxe8# 1-0

[Event "NZL-ch Major"]
[Site "Auckland"]
[Date "2010.01.11"]
[Round "10"]
[White "Holdo, Karl"]
[Black "Rong, David"]
[Result "1-0"]
[WhiteElo "1714"]
[BlackElo "1070"]
[PlyCount "59"]
[EventDate "2010.01.02"]
[EventType "swiss"]
[EventRounds "11"]
[EventCountry "NZL"]
[SourceTitle "CBM 134 Extra"]
[Source "ChessBase"]
[SourceDate "2010.03.03"]
[SourceVersion "1"]
[SourceVersionDate "2010.03.03"]
[SourceQuality "1"]

1. e4 e6 2. d4 d5 3. Nc3 h6 4. e5 c5 5. Nf3 Nc6 6. Bb5 Bd7 7. Ne2 Nxe5 8. Bxd7+ Nxd7 9. c3 Ngf6 10. 0-0 Bd6 11. Ng3 cxd4 12. Nxd4 Ne4 13. Nxe4 dxe4 14. Nb5 Be5 15. Nd6+ Bxd6 16. Qxd6 Nf6 17. Qg3 g5 18. Qe5 Ke7 19. Be3 Qd5 20. Bc5+ Ke8 21. Qxf6 Qxc5 22. Qxh8+ Qf8 23. Qd4 f5 24. Rfd1 Qe7 25. Qa4+ Kf8 26. Rd7 Qc5 27. Rad1 b6 28. Rxa7 Rc8 29. Qd7 Re8 30. Qf7# 1-0

[Event "NZL-ch Major"]
[Site "Auckland"]
[Date "2010.01.09"]
[Round "8"]
[White "Mukkattu, Philip"]
[Black "Rong, David"]
[Result "1-0"]
[WhiteElo "1629"]
[BlackElo "1070"]
[PlyCount "151"]
[EventDate "2010.01.02"]
[EventType "swiss"]
[EventRounds "11"]
[EventCountry "NZL"]
[SourceTitle "CBM 134 Extra"]
[Source "ChessBase"]
[SourceDate "2010.03.03"]
[SourceVersion "1"]
[SourceVersionDate "2010.03.03"]
[SourceQuality "1"]

1. d4 d5 2. c4 e6 3. e3 c6 4. Nf3 Nf6 5. Be2 dxc4 6. Bxc4 b5 7. Be2 Bb7 8. 0-0 Nbd7 9. Nbd2 Be7 10. b3 0-0 11. Bb2 c5 12. Rc1 a6 13. Rc2 Qb6 14. Qb1 Ne4 15. Rfc1 Rac8 16. Ba1 Rc7 17. Qb2 Ndf6 18. Bd3 Nxd2 19. Nxd2 Rfc8 20. dxc5 Rxc5 21. Qd4 Qd6 22. Rxc5 Rxc5 23. Rxc5 Qxc5 24. Bc3 Qxd4 25. Bxd4 h6 26. f3 Kf8 27. e4 g5 28. e5 Nd5 29. Ne4 Nf4 30. Nf2 Ke8 31. Kf1 Kd7 32. Bh7 Ng6 33. Bg8 Ke8 34. Ng4 h5 35. Nh6 Nh8 36. Bh7 Ng6 37. Ng8 Kd7 38. Nf6+ Bxf6 39. exf6 Nf4 40. Be3 Nd5 41. Bxg5 Kd6 42. Bg8 Ke5 43. Bxf7 Nxf6 44. Bxf6+ Kxf6 45. Bxh5 e5 46. h4 e4 47. Kf2 Kf5 48. g4+ Kf4 49. fxe4 Bxe4 50. g5 a5 51. a3 b4 52. axb4 axb4 53. Bf7 Kf5 54. g6 Kf6 55. h5 Kg7 56. Ke3 Bc2 57. Kd4 Kh6 58. Kc5 Kg7 59. Kxb4 Kh6 60. Kc3 Bd1 61. b4 Bxh5 62. b5 Kg7 63. b6 Bf3 64. Kd4 Bb7 65. Bd5 Bc8 66. Be4 Ba6 67. Ke5 Bc8 68. Kf4 Ba6 69. Kg5 Bc8 70. b7 Be6 71. b8Q Bd5 72. Qe5+ Kf8 73. Qxd5 Ke8 74. Qf7+ Kd8 75. g7 Kc8 76. g8R# 1-0

[Event "NZL-ch Major"]
[Site "Auckland"]
[Date "2010.01.06"]
[Round "5"]
[White "Rong, David"]
[Black "Pakenham, John"]
[Result "0-1"]
[WhiteElo "1070"]
[BlackElo "1760"]
[PlyCount "60"]
[EventDate "2010.01.02"]
[EventType "swiss"]
[EventRounds "11"]
[EventCountry "NZL"]
[SourceTitle "CBM 134 Extra"]
[Source "ChessBase"]
[SourceDate "2010.03.03"]
[SourceVersion "1"]
[SourceVersionDate "2010.03.03"]
[SourceQuality "1"]

1. e4 c5 2. Nc3 Nc6 3. Nge2 g6 4. g3 Bg7 5. Bg2 Nf6 6. 0-0 0-0 7. d3 Rb8 8. h3 b5 9. Be3 d6 10. g4 b4 11. Nd5 e6 12. Nxf6+ Qxf6 13. Rb1 a5 14. f4 Qe7 15. Ng3 f5 16. exf5 exf5 17. Re1 Qc7 18. g5 Nd4 19. c3 Ne6 20. Qd2 Bb7 21. Bxb7 Qxb7 22. Bf2 Rfe8 23. Re2 bxc3 24. Qc2 cxb2 25. Be3 Nd4 26. Bxd4 Bxd4+ 27. Kf1 Qf3+ 28. Rf2 Qxg3 29. Rg2 Qxf4+ 30. Rf2 Bxf2 0-1

[Event "NZL-ch Major"]
[Site "Auckland"]
[Date "2010.01.05"]
[Round "4"]
[White "Yao, Winston Yow Jen"]
[Black "Rong, David"]
[Result "0-1"]
[WhiteElo "1535"]
[BlackElo "1070"]
[PlyCount "122"]
[EventDate "2010.01.02"]
[EventType "swiss"]
[EventRounds "11"]
[EventCountry "NZL"]
[SourceTitle "CBM 134 Extra"]
[Source "ChessBase"]
[SourceDate "2010.03.03"]
[SourceVersion "1"]
[SourceVersionDate "2010.03.03"]
[SourceQuality "1"]

1. e4 e6 2. d4 d5 3. exd5 exd5 4. Bd3 Bd6 5. Nf3 Ne7 6. 0-0 0-0 7. Be3 Re8 8. Nbd2 Nbc6 9. c3 f6 10. Qc2 g6 11. Qb3 a6 12. Ne4 Nf5 13. Nxd6 Qxd6 14. Bxf5 Bxf5 15. h3 Be4 16. Nd2 Kg7 17. Nxe4 dxe4 18. Rad1 b6 19. Qc2 f5 20. Qd2 Ne7 21. Bf4 Qd7 22. Be5+ Kg8 23. Qf4 Rac8 24. d5 Nxd5 25. Qh2 c6 26. c4 Qe6 27. cxd5 Qxe5 28. Qxe5 Rxe5 29. d6 Rd5 30. Rxd5 cxd5 31. Rd1 Rd8 32. Rxd5 Kf7 33. f3 exf3 34. gxf3 Ke6 35. Rd4 Rxd6 36. Rxd6+ Kxd6 37. Kf2 Kd5 38. Ke3 Ke5 39. f4+ Kd5 40. Kd3 h6 41. h4 a5 42. a4 Kc5 43. Kc3 b5 44. axb5 Kxb5 45. Kb3 h5 46. Kc2 Kc4 47. b3+ Kd4 48. Kb2 Ke4 49. Ka3 Kxf4 50. Ka4 Kg4 51. Kxa5 f4 52. b4 f3 53. b5 f2 54. b6 f1Q 55. b7 Qf8 56. b8Q Qxb8 57. Ka6 Kf4 58. Ka5 Ke4 59. Ka4 Kd4 60. Ka3 Kc3 61. Ka2 Qb2# 0-1

[Event "NZL-ch Major"]
[Site "Auckland"]
[Date "2010.01.04"]
[Round "3"]
[White "Rong, David"]
[Black "Fan, Cathy"]
[Result "1-0"]
[WhiteElo "1070"]
[BlackElo "1285"]
[PlyCount "169"]
[EventDate "2010.01.02"]
[EventType "swiss"]
[EventRounds "11"]
[EventCountry "NZL"]
[SourceTitle "CBM 134 Extra"]
[Source "ChessBase"]
[SourceDate "2010.03.03"]
[SourceVersion "1"]
[SourceVersionDate "2010.03.03"]
[SourceQuality "1"]

1. e4 c5 2. Nc3 d6 3. Nge2 Nf6 4. g3 a6 5. Bg2 e5 6. 0-0 Be7 7. d3 b6 8. h3 Be6 9. f4 exf4 10. e5 Ra7 11. exf6 Bxf6 12. Bxf4 Rc7 13. a4 Nc6 14. Ne4 Be5 15. Bxe5 dxe5 16. Qd2 h6 17. Rf2 Rf8 18. Raf1 f5 19. N4c3 Nd4 20. Nxd4 Qxd4 21. Kh1 Qd6 22. Qe2 Bc8 23. Re1 Re7 24. Qh5+ Rff7 25. Bd5 Be6 26. Bxe6 Qxe6 27. Qf3 Rd7 28. Qa8+ Ke7 29. Qxa6 Kf6 30. g4 Kg6 31. gxf5+ Rxf5 32. Rxf5 Qc6+ 33. Ne4 Kxf5 34. Rf1+ Kg6 35. Qc4 Kh7 36. b3 Rd4 37. Qf7 Rd7 38. Qf5+ Kh8 39. Qxe5 Rd8 40. Kg2 Re8 41. Qg3 Rg8 42. Qd6 Qxd6 43. Nxd6 Kh7 44. Kg3 Kg6 45. Rf4 Rd8 46. Nf7 Re8 47. Kf3 Kh7 48. Nd6 Re6 49. Nc4 h5 50. Re4 Rf6+ 51. Ke3 Rg6 52. Kf4 h4 53. Re5 Kh6 54. Kf5 Rg5+ 55. Ke6 Rg6+ 56. Kd5 Rf6 57. Re6 Rxe6 58. Kxe6 g5 59. Ne3 Kh5 60. Kd6 g4 61. Nxg4 Kg5 62. Kc6 Kf4 63. Kxb6 Kg3 64. a5 Kxh3 65. a6 Kxg4 66. a7 h3 67. a8Q h2 68. Qh1 Kg3 69. Kxc5 Kh3 70. Qxh2+ Kxh2 71. b4 Kg2 72. b5 Kf2 73. b6 Ke3 74. b7 Kd2 75. b8Q Kxc2 76. Qf4 Kc3 77. d4 Kd3 78. d5 Ke2 79. d6 Kd3 80. d7 Ke2 81. d8R Ke1 82. Qe3+ Kf1 83. Qd2 Kg1 84. Re8 Kf1 85. Re1# 1-0

[Event "NZL-ch Major"]
[Site "Auckland"]
[Date "2010.01.02"]
[Round "1"]
[White "Rong, David"]
[Black "Vosloo, Cicel Johannes"]
[Result "0-1"]
[WhiteElo "1070"]
[BlackElo "1746"]
[PlyCount "50"]
[EventDate "2010.01.02"]
[EventType "swiss"]
[EventRounds "11"]
[EventCountry "NZL"]
[SourceTitle "CBM 134 Extra"]
[Source "ChessBase"]
[SourceDate "2010.03.03"]
[SourceVersion "1"]
[SourceVersionDate "2010.03.03"]
[SourceQuality "1"]

1. e4 d5 2. exd5 Qxd5 3. Nc3 Qa5 4. Nf3 Nf6 5. d4 c6 6. Be2 Bg4 7. 0-0 Nbd7 8. h3 h5 9. hxg4 hxg4 10. Nh2 Qh5 11. Bf4 0-0-0 12. Re1 e6 13. Qd3 g5 14. Bg3 Nb6 15. Rad1 Be7 16. Ne4 Nfd5 17. Nd2 f5 18. Be5 Bf6 19. Ndf1 Nf4 20. Bxf4 gxf4 21. Qb3 Nd5 22. c3 f3 23. gxf3 gxf3 24. Bxf3 Rdg8+ 25. Bg2 Nf4 0-1